000 00452nam a2200181Ia 4500
003 LDD
008 190117s9999 xx 000 0 und d
020 _c₹40
040 _cLDD
041 _ahi
082 _a8h1.7 म7601नी
100 _aमहादेवी
245 0 _aनीलाम्बरा
_cमहादेवी
260 _aदिल्ली
_bराजपाल
_c1992
300 _a101
901 _aHBC
942 _2ddc
_cH
999 _c165974
_d165974